Bezpečná a zdravá práca ako základné právo

Už štvrťstoročie v službách bezpečnosti práce. To je vizitka RNDr. Miroslavy Kordošovej, PhD., ktorá sa bezpečnosti a ochrane zdravia pri práci venuje nepretržite od roku 2000. Pri príležitosti 25. výročia jej pôsobenia v tejto oblasti a pri príležitosti vydania jej najnovšej praktickej monografie o...

Description complète

Enregistré dans:
Détails bibliographiques
Auteur principal: Kordošová, Miroslava
Format: Chapitre de livre
Langue:slovaque
Sujets:
Tags: Ajouter un tag
Pas de tags, Soyez le premier à ajouter un tag!

MARC

LEADER 00000naa a2200000 4500
001 0308580
005 20250514145326.4
041 0 |a slo 
044 |a SK 
245 1 0 |a Bezpečná a zdravá práca ako základné právo  |c Miroslava Kordošová 
520 |a Už štvrťstoročie v službách bezpečnosti práce. To je vizitka RNDr. Miroslavy Kordošovej, PhD., ktorá sa bezpečnosti a ochrane zdravia pri práci venuje nepretržite od roku 2000. Pri príležitosti 25. výročia jej pôsobenia v tejto oblasti a pri príležitosti vydania jej najnovšej praktickej monografie o pracovných úrazoch sme sa porozprávali o výzvach, ktoré bezpečnosť práce prináša dnes, ale aj o tom, kam sa tento odbor posúva v kontexte meniaceho sa sveta práce. 
610 2 0 |a práca 
610 2 0 |a bezpečnosť 
610 2 0 |a bezpečnosť práce 
610 2 0 |a ochrana zdravia 
610 2 0 |a ochrana práv priemyselných 
610 2 0 |a ochrana práce 
610 2 0 |a zdravie 
610 2 0 |a práva pracovníkov 
100 1 |a Kordošová, Miroslava